000 00915nam a2200265Ia 4500
003 OSt
005 20220923225129.0
006 a|||||r|||| 00| 0
007 ta
008 220922b |||||||| |||| 00| 0 mar d
024 _a258,074
037 _cTextual
040 _aARTS
_cARTS
_bmar
041 _2mar
_amar
082 _aYwM73, 155P4.1-.2
100 _aपवार, गो0 मा0
245 0 _aमहर्षी विटठल रामजी शिंदे
246 _ahinarṣhī viṭaṭhal rāmajī shiande
260 _aमुंबई
_b विश्वासराव प्रकाशन
_c2004
300 _a532पृ0
_ccm.
650 _a हिन्दी साहित्य
_9156264
650 _aभारतीय-लोक साहित्य
942 _hYwM73, 155P4.1-.2
_cTEXL
_2CC
999 _c376284
_d376284